00431nam a2200109Ia 4500008004100000245014800041260003500189260000900224300000900233650001300242856006600255170516s9999 xx 000 0 und d aPreparation and Characterization of Clopidogrel Bisulfate Solid Dispersion using Vigna radiata Extract as a Natural Drug Carrier S. V. Deshmane bAsian Journal of Pharmaceutics c2016 a10:2 xPharmacy uhttp://www.asiapharmaceutics.info/index.php/ajp/issue/view/61